Statistiques concernant Dates d'indépendances des pays africains- Quiz

Cliquez ici pour prendre le quiz!

Statistiques générales

  • Ce quiz a été pris 24 fois
  • Le résultat moyen est 3 sur 54

Statistiques - réponses

PaysDate% Correct
Algérie5 juillet 1962
50%
Afrique du Sud31 mai 1910
30%
Cameroun1er janvier 1960
20%
Rép. dém. du Congo30 juin 1960
20%
Burkina Faso5 aout 1960
20%
Tchad11 août 1960
10%
République centrafricaine13 août 1960
10%
République du Congo15 août 1960
10%
Gabon17 aout 1960
10%
Tunisie20 mars 1956
10%
Zambie24 octobre 1964
10%
Madagascar26 juin 1960
10%
Djibouti27 juin 1977
10%
Mauritanie28 novembre 1960
10%
Guinée2 octobre 1958
10%
Niger3 août 1960
10%
Sénégal4 avril 1960
10%
Comores6 juillet 1975
10%
Ghana6 mars 1957
10%
Côte d'Ivoire7 aout 1960
10%
Maroc7 avril 1956
10%
Soudan du Sud9 juillet 2011
10%
Ouganda9 octobre 1962
10%
Angola11 novembre 1975
0%
Kenya12 décembre 1963
0%
Sao Tomé-et-Principe12 juillet 1975
0%
Île Maurice12 mars 1968
0%
Guinée équatoriale12 octobre 1968
0%
Zimbabwe18 avril 1980
0%
Gambie18 février 1965
0%
Bénin1er aout 1960
0%
Soudan1er janvier 1956
0%
Somalie1er juillet 1960
0%
Rwanda1er juillet 1962
0%
Burundi1er juillet 1962
0%
Nigeria1er octobre 1960
0%
Éthiopie21 aout 1995
0%
Namibie21 mars 1990
0%
Mali22 septembre 1960
0%
Libye24 décembre 1951
0%
Guinée-Bissau24 septembre 1973
0%
Mozambique25 juin 1975
0%
Liberia26 juillet 1847
0%
Togo27 avril 1960
0%
Sierra Leone27 avril 1961
0%
Érythrée27 avril 1993
0%
Égypte28 février 1922
0%
Seychelles29 juin 1976
0%
Botswana30 septembre 1966
0%
Lesotho4 octobre 1966
0%
Cap-Vert5 juillet 1975
0%
Malawi6 juillet 1964
0%
Eswatini6 septembre 1968
0%
Tanzanie9 décembre 1961
0%

Distribution des résultats

Percentile par nombre de réponses

% des personnes avec chaque résultat

Votre développement - résultats

Vous n’avez pas pris ce quiz